000 00596nam a22001937a 4500
005 20251108165518.0
008 250721s1987 xx 000 0 ara d
082 1 4 _aم/219/ترم
100 1 _aالترمذي، أبو عيسى محمد بن عيسى
245 1 0 _aأوصاف النبي صلى الله عليه و سلم /
250 _aط2
264 1 _aالقاهره :
_bمكتبة الزهراء،
_c1987.
300 _a455ص
650 1 7 _aالسيرة النبوية
650 1 7 _aالإسلام
700 1 _aعباس، سميح
_eتحقيق
942 _2ddc
_cREF
999 _c29648
_d29648